[Event "Titled Tuesday intern op 13th Oct"]
[Site "Chess.com INT"]
[Date "2020.10.13"]
[Round "2"]
[White "Tuzhik, Artem"]
[Black "Matveeva, Olga"]
[Result "1/2-1/2"]
[WhiteElo "2221"]
[BlackElo "2171"]
[PlyCount "126"]
[EventDate "2020.10.13"]
[EventType "swiss (blitz)"]
[EventRounds "10"]
[EventCountry "USA"]
[SourceTitle "CBM 198 Extra"]
[Source "ChessBase"]
[SourceDate "2020.11.30"]
[SourceVersion "1"]
[SourceVersionDate "2020.11.30"]
[SourceQuality "1"]

1. e4 e6 2. d4 d5 3. exd5 exd5 4. Bd3 Bd6 5. Nf3 Ne7 6. Bg5 0-0 7. c3 Re8 8. 0-0 h6 9. Bh4 Bg4 10. Nbd2 Nbc6 11. Qb3 Rb8 12. Rae1 Qc8 13. Bxe7 Nxe7 14. Ne5 Bf5 15. Qc2 c6 16. Re2 Bxd3 17. Qxd3 Qf5 18. Qxf5 Nxf5 19. Rfe1 f6 20. Nd3 Kf7 21. g3 Rxe2 22. Rxe2 Re8 23. Kf1 Rxe2 24. Kxe2 Ke6 25. Nb3 b6 26. a4 g5 27. a5 Bc7 28. axb6 axb6 29. Nb4 Kd7 30. Nd3 Nd6 31. Nd2 c5 32. dxc5 bxc5 33. Nxc5+ Kc6 34. Nd3 Bb6 35. f3 Kb5 36. b3 Ba5 37. c4+ dxc4 38. bxc4+ Nxc4 39. Ne4 Bd8 40. g4 Kc6 41. Ng3 Nd6 42. Nf2 Kd5 43. Kd3 Bb6 44. Nfe4 Nxe4 45. Nxe4 Ke5 46. Ke2 Ba7 47. Kf1 Bb6 48. Kg2 Ba7 49. Ng3 Bb6 50. Nf5 h5 51. h3 hxg4 52. fxg4 Ba7 53. Kf3 Bb6 54. Ne7 Bc5 55. Nf5 Bb6 56. Ng3 Bc5 57. Ne2 Bb6 58. Nc1 Ba7 59. Nd3+ Kd4 60. Nb4 Bb6 61. Nc6+ Kd5 62. Ne7+ Ke6 63. Nf5 Ke5 1/2-1/2

[Event "Sochi ChessAmateur op"]
[Site "Sochi"]
[Date "2018.04.02"]
[Round "3"]
[White "Rogoznikov, Andrey"]
[Black "Tuzhik, Artem"]
[Result "1-0"]
[WhiteElo "2293"]
[BlackElo "2208"]
[PlyCount "133"]
[EventDate "2018.04.01"]
[EventType "swiss"]
[EventRounds "9"]
[EventCountry "RUS"]
[SourceTitle "CBM 184 Extra"]
[Source "ChessBase"]
[SourceDate "2018.06.28"]
[SourceVersion "1"]
[SourceVersionDate "2018.06.28"]
[SourceQuality "1"]

1. Nf3 d6 2. d4 Nd7 3. g3 c6 4. Bg2 h6 5. e4 g5 6. c4 Bg7 7. Nc3 Nf8 8. Be3 Ng6 9. Qc2 Nf6 10. h4 g4 11. Nd2 Nd7 12. h5 Ngf8 13. Rh4 c5 14. dxc5 Nxc5 15. b4 Na6 16. Rb1 Bf6 17. Rh1 Nd7 18. Nb5 Ne5 19. Nxa7 Bd7 20. Nb5 Bxb5 21. cxb5 Rc8 22. Qa4 Qd7 23. Bf1 Nc7 24. Rc1 Ra8 25. Qb3 Nxb5 26. a4 Nc7 27. Bb6 Ne6 28. Bb5 Nc6 29. Kf1 0-0 30. Be3 Ned4 31. Bxd4 Bxd4 32. Kg2 Rac8 33. Qd5 Bf6 34. Nc4 Qd8 35. Qf5 Nxb4 36. Qxg4+ Kh8 37. e5 dxe5 38. Rhd1 Nd5 39. Bd7 Rc5 40. Nxe5 Rxc1 41. Rxc1 Bxe5 42. Rc8 Nf6 43. Rxd8 Rxd8 44. Qf5 Nxd7 45. Qxf7 Bf6 46. Qd5 b6 47. f4 e5 48. Kh3 exf4 49. gxf4 Kg7 50. Qg2+ Kf8 51. Qg6 Bg7 52. Qd6+ Kg8 53. Qe6+ Kh8 54. Qd6 Bf6 55. Qc6 Kg7 56. Qg2+ Kf7 57. Qg6+ Ke6 58. f5+ Ke5 59. Qxh6 Kxf5 60. Qg6+ Ke6 61. Qg4+ Kd5 62. Qf5+ Be5 63. Qd3+ Bd4 64. Qb5+ Ke4 65. Qc6+ Kd3 66. Qd5 Ke3 67. Qg5+ 1-0

[Event "Novosibirsk Sukharev Memorial op"]
[Site "Novosibirsk"]
[Date "2010.07.22"]
[Round "6"]
[White "Kezin, Roman"]
[Black "Tuzhik, Artem"]
[Result "1-0"]
[WhiteElo "2292"]
[BlackElo "2320"]
[PlyCount "64"]
[EventDate "2010.07.18"]
[EventType "swiss"]
[EventRounds "9"]
[EventCountry "RUS"]
[SourceTitle "EXT 2011"]
[Source "ChessBase"]
[SourceDate "2010.11.26"]
[SourceVersion "1"]
[SourceVersionDate "2010.11.26"]
[SourceQuality "1"]

1. d4 Nf6 2. c4 e5 3. dxe5 Ng4 4. Bf4 Bb4+ 5. Nc3 Nc6 6. Nf3 Qe7 7. Qd5 Bxc3+ 8. bxc3 f6 9. exf6 Nxf6 10. Qd3 d6 11. g3 0-0 12. Bg2 Ne4 13. 0-0 Nc5 14. Qe3 Qf7 15. Ng5 Qf6 16. Bd5+ Kh8 17. Ne4 Nxe4 18. Qxe4 Na5 19. Qd4 c6 20. Bg2 Qxd4 21. cxd4 Nxc4 22. d5 Bg4 23. dxc6 bxc6 24. Bxc6 Rac8 25. Bb7 Rc7 26. Bd5 Bxe2 27. Rfe1 Bh5 28. Rac1 Rfc8 29. Be6 Re8 30. Kf1 Bg6 31. Bxc4 Rxc4 32. Rxc4 Bd3+ 1-0

[Event "Sibiria Region-chT"]
[Site "Berdsk"]
[Date "2009.12.14"]
[Round "4"]
[White "Tuzhik, Artem"]
[Black "Isupov, Vladimir"]
[Result "1-0"]
[WhiteElo "2314"]
[BlackElo "2415"]
[PlyCount "91"]
[EventDate "2009.12.12"]
[EventType "team-tourn"]
[EventRounds "5"]
[EventCountry "RUS"]
[SourceTitle "CBM 134 Extra"]
[Source "ChessBase"]
[SourceDate "2010.03.03"]
[SourceVersion "1"]
[SourceVersionDate "2010.03.03"]
[SourceQuality "1"]

1. e4 c5 2. Nf3 d6 3. d4 cxd4 4. Nxd4 Nf6 5. Nc3 a6 6. Bg5 e6 7. f4 Be7 8. Qf3 Qc7 9. 0-0-0 Nbd7 10. Bd3 h6 11. Qh3 Nb6 12. Nf3 e5 13. f5 Bd7 14. Kb1 Na4 15. Nxa4 Bxa4 16. Bxf6 Bxf6 17. Nd2 Bc6 18. Bc4 0-0-0 19. Qb3 Bg5 20. Bd5 Bxd5 21. Qxd5 Bxd2 22. Rxd2 Rd7 23. Rd3 Kb8 24. Rg3 Rc8 25. Rc1 Rg8 26. Qd2 Qc6 27. f6 g5 28. Rd3 Rg6 29. Rf1 d5 30. Rxd5 Rxf6 31. Rd1 Rxd5 32. exd5 Qd6 33. c4 Rf4 34. Qc3 b6 35. b4 Rd4 36. Rxd4 exd4 37. Qg3 Kc7 38. c5 bxc5 39. bxc5 Qxg3 40. hxg3 f5 41. Kc2 h5 42. Kd3 f4 43. gxf4 gxf4 44. Kxd4 f3 45. gxf3 h4 46. Ke3 1-0

[Event "Novosibirsk Region-ch final"]
[Site "Novosibirsk"]
[Date "2008.12.13"]
[Round "9"]
[White "Kopylov, Alexander A"]
[Black "Tuzhik, Artem"]
[Result "1/2-1/2"]
[WhiteElo "2428"]
[BlackElo "2327"]
[PlyCount "81"]
[EventDate "2008.12.05"]
[EventType "swiss"]
[EventRounds "9"]
[EventCountry "RUS"]
[SourceTitle "EXT 2010"]
[Source "ChessBase"]
[SourceDate "2010.11.25"]
[SourceVersion "1"]
[SourceVersionDate "2010.11.25"]
[SourceQuality "1"]

1. d4 f5 2. g3 Nf6 3. Bg2 g6 4. Nf3 Bg7 5. 0-0 0-0 6. c4 d6 7. Nc3 Nc6 8. d5 Ne5 9. Nxe5 dxe5 10. e4 e6 11. Be3 fxe4 12. Nxe4 exd5 13. Nxf6+ Qxf6 14. cxd5 Rf7 15. Rc1 Bf8 16. Qd2 Bf5 17. Rc4 Qa6 18. Rfc1 Bd6 19. a4 b5 20. axb5 Qxb5 21. Bc5 a5 22. Bf1 Qb7 23. Ra4 Bd7 24. Rxa5 Rxa5 25. Qxa5 Qxb2 26. Qc3 Qa2 27. Be3 Qa8 28. Bg2 Bg4 29. Qc6 Qxc6 30. dxc6 Bf3 31. Bxf3 Rxf3 32. Kf1 Rf8 33. Ke2 Kf7 34. Kd3 Ke6 35. Ke4 Rb8 36. Rc4 Rb4 37. Rxb4 Bxb4 38. Bh6 Bc5 39. Bg7 Kd6 40. Bxe5+ Kxc6 41. f4 1/2-1/2

[Event "Novosibirsk Sukharev Memorial op"]
[Site "Novosibirsk"]
[Date "2008.07.28"]
[Round "?"]
[White "Garder, Igor"]
[Black "Tuzhik, Artem"]
[Result "1/2-1/2"]
[WhiteElo "2266"]
[BlackElo "2319"]
[PlyCount "42"]
[EventDate "2008.07.20"]
[EventType "swiss"]
[EventRounds "9"]
[EventCountry "RUS"]
[SourceTitle "EXT 2022"]
[Source "ChessBase"]
[SourceDate "2021.10.06"]
[SourceVersion "1"]
[SourceVersionDate "2021.10.06"]
[SourceQuality "1"]

1. Nf3 Nf6 2. d4 g6 3. Bg5 Bg7 4. Nbd2 d5 5. Bxf6 Bxf6 6. e4 dxe4 7. Nxe4 Bg7 8. c3 0-0 9. Bc4 b6 10. Qe2 Bb7 11. 0-0 Nd7 12. a4 a6 13. Rad1 e6 14. Rfe1 Qe7 15. d5 exd5 16. Bxd5 Bxd5 17. Rxd5 Rfe8 18. Qd2 Nf6 19. Nd6 Nxd5 20. Nxe8 Qc5 21. Nxg7 Kxg7 1/2-1/2

[Event "Novosibirsk Sukharev Memorial op"]
[Site "Novosibirsk"]
[Date "2008.07.26"]
[Round "?"]
[White "Dzhumagaliev, Yan"]
[Black "Tuzhik, Artem"]
[Result "1/2-1/2"]
[WhiteElo "2270"]
[BlackElo "2319"]
[PlyCount "25"]
[EventDate "2008.07.20"]
[EventType "swiss"]
[EventRounds "9"]
[EventCountry "RUS"]
[SourceTitle "EXT 2022"]
[Source "ChessBase"]
[SourceDate "2021.10.06"]
[SourceVersion "1"]
[SourceVersionDate "2021.10.06"]
[SourceQuality "1"]

1. d4 d5 2. c4 c6 3. cxd5 cxd5 4. Nf3 Nc6 5. Bf4 Nf6 6. Nc3 Bf5 7. e3 e6 8. Bd3 Bxd3 9. Qxd3 Bd6 10. Bxd6 Qxd6 11. 0-0 0-0 12. Rfc1 Rfc8 13. Nd2 1/2-1/2

[Event "Novosibirsk Sukharev Memorial op"]
[Site "Novosibirsk"]
[Date "2008.07.22"]
[Round "?"]
[White "Glukhov, Mikhail"]
[Black "Tuzhik, Artem"]
[Result "0-1"]
[WhiteElo "2237"]
[BlackElo "2319"]
[PlyCount "118"]
[EventDate "2008.07.20"]
[EventType "swiss"]
[EventRounds "9"]
[EventCountry "RUS"]
[SourceTitle "EXT 2022"]
[Source "ChessBase"]
[SourceDate "2021.10.06"]
[SourceVersion "1"]
[SourceVersionDate "2021.10.06"]
[SourceQuality "1"]

1. d4 d5 2. c4 c6 3. e3 e6 4. Nf3 Bd6 5. Nbd2 Nf6 6. Bd3 c5 7. cxd5 exd5 8. dxc5 Bxc5 9. 0-0 0-0 10. b3 Nc6 11. Bb2 Bb6 12. h3 Re8 13. Qb1 h6 14. a3 Qe7 15. Re1 Ne4 16. Nf1 Bf5 17. Qd1 Rad8 18. Qe2 Bg6 19. b4 Bh5 20. g4 Bg6 21. b5 Nb8 22. a4 Ba5 23. Rec1 Nd7 24. Bd4 Ndc5 25. Bxc5 Nxc5 26. Bxg6 fxg6 27. Nd4 Ne4 28. f3 Nd6 29. Qd3 Nc4 30. Rc2 Qf6 31. Kg2 Bb6 32. Rd1 Rd7 33. f4 Rde7 34. Re2 Kh7 35. f5 Re4 36. Rde1 Bxd4 37. exd4 gxf5 38. Ng3 Ne3+ 39. Kg1 f4 40. Rxe3 fxg3 41. Rxg3 Kg8 42. Rge3 Qf4 43. Rxe4 Rxe4 44. Rxe4 dxe4 45. Qc4+ Kh7 46. Qf1 Qg3+ 47. Qg2 Qd3 48. Qf2 e3 49. Qf5+ Qxf5 50. gxf5 Kg8 51. d5 Kf7 52. d6 Ke8 53. Kf1 Kd7 54. Ke2 Kxd6 55. Kxe3 Ke5 56. a5 b6 57. axb6 axb6 58. h4 Kxf5 59. Kd4 g5 0-1

[Event "Izmailov Memorial op 12th"]
[Site "Tomsk"]
[Date "2008.07.03"]
[Round "9"]
[White "Nevostrujev, Vladimir"]
[Black "Tuzhik, Artem"]
[Result "1-0"]
[WhiteElo "2466"]
[BlackElo "2328"]
[PlyCount "65"]
[EventDate "2008.06.25"]
[EventType "swiss"]
[EventRounds "9"]
[EventCountry "RUS"]
[SourceTitle "CBM 125 Extra"]
[Source "ChessBase"]
[SourceDate "2008.09.01"]
[SourceVersion "1"]
[SourceVersionDate "2008.09.01"]
[SourceQuality "1"]

1. e4 c5 2. Nf3 g6 3. d4 cxd4 4. Nxd4 Nf6 5. Nc3 d6 6. Be3 Bg7 7. f3 Nc6 8. Qd2 0-0 9. 0-0-0 Nxd4 10. Bxd4 Be6 11. Kb1 Qc7 12. Nd5 Bxd5 13. exd5 Rfc8 14. c3 Qa5 15. c4 Qxd2 16. Rxd2 Nd7 17. b3 Bxd4 18. Rxd4 Rc7 19. Be2 Kg7 20. f4 h6 21. h4 h5 22. Kb2 a5 23. Re4 Nf6 24. Re3 b5 25. cxb5 Nxd5 26. Bf3 Nxe3 27. Bxa8 Rc5 28. Re1 Nd5 29. Bxd5 Rxd5 30. a4 Kf6 31. Re4 Rd2+ 32. Kc3 Rd1 33. Kc2 1-0

[Event "Izmailov Memorial op 12th"]
[Site "Tomsk"]
[Date "2008.07.01"]
[Round "7"]
[White "Tuzhik, Artem"]
[Black "Egorov, Zakhar"]
[Result "1-0"]
[WhiteElo "2328"]
[BlackElo "2137"]
[PlyCount "75"]
[EventDate "2008.06.25"]
[EventType "swiss"]
[EventRounds "9"]
[EventCountry "RUS"]
[SourceTitle "CBM 125 Extra"]
[Source "ChessBase"]
[SourceDate "2008.09.01"]
[SourceVersion "1"]
[SourceVersionDate "2008.09.01"]
[SourceQuality "1"]

1. e4 c5 2. Nf3 Nc6 3. d4 cxd4 4. Nxd4 g6 5. Nc3 Bg7 6. Be3 d6 7. Bc4 Nf6 8. f3 0-0 9. Qd2 Nxd4 10. Bxd4 Be6 11. Nd5 Bxd5 12. exd5 Qc7 13. Bb3 b5 14. a4 Rfb8 15. axb5 Rxb5 16. Qd3 Qb7 17. Bc4 Rxb2 18. Bxb2 Qxb2 19. 0-0 Nd7 20. Rab1 Qd4+ 21. Kh1 Nc5 22. Qxd4 Bxd4 23. Rfd1 Bc3 24. Rb5 a5 25. Rdb1 Ra7 26. Rb8+ Kg7 27. Rc8 a4 28. Rbb8 a3 29. Ra8 Rb7 30. g4 Bb2 31. g5 h6 32. h4 hxg5 33. hxg5 Kh7 34. c3 Bxc3 35. Rxa3 Bd2 36. f4 Bxf4 37. Rf3 Be5 38. Rh3+ 1-0

[Event "Izmailov Memorial op 12th"]
[Site "Tomsk"]
[Date "2008.06.26"]
[Round "2"]
[White "Tuzhik, Artem"]
[Black "Zablotsky, Sergei"]
[Result "0-1"]
[WhiteElo "2328"]
[BlackElo "2508"]
[PlyCount "57"]
[EventDate "2008.06.25"]
[EventType "swiss"]
[EventRounds "9"]
[EventCountry "RUS"]
[SourceTitle "CBM 125 Extra"]
[Source "ChessBase"]
[SourceDate "2008.09.01"]
[SourceVersion "1"]
[SourceVersionDate "2008.09.01"]
[SourceQuality "1"]

1. d4 d5 2. c4 Nc6 3. cxd5 Qxd5 4. Nf3 e5 5. Nc3 Bb4 6. Bd2 Bxc3 7. Bxc3 e4 8. Nd2 e3 9. fxe3 Nf6 10. e4 Nxe4 11. Nxe4 Qxe4 12. d5 Ne7 13. Bxg7 Rg8 14. Qd4 Bf5 15. Rc1 Nxd5 16. Rc4 Qxd4 17. Bxd4 0-0-0 18. Kf2 b6 19. e4 Bxe4 20. Bxb6 Bxg2 21. Bxg2 axb6 22. Re1 Nf4 23. Bc6 Nd3+ 24. Kf1 Rg6 25. Re7 Nc5 26. Bf3 Rf6 27. Ke2 Rdd6 28. b4 Ne6 29. Rxe6 0-1